01634nam a2200313 a 450000100100000000500170001000800410002702000240006802000240009204000250011608200150014110000450015624501790020126000530038030000320043349000100046550400280047559000260050370000430052970000260057283000170059895201220061595201230073795201080086095201130096895201080108195201140118999900170130300004794420201002060824.0180412s2016 dr abc 000 0 spa d a9789945595789 (v.1) a9789945599626 (v.2) aDO-SdBNPbspacBNPHU axxxxbxxxx1 aVásquez Güichardo, Julia Mery97486910aCiencias de la naturaleza 5 :bquinto grado, segundo ciclo educación primaria /cJulia Mery Vásquez Güichardo, Andrea Griselda Rincón Ozuna ; ilustración Henry Cid. aSanto Domingo :bActualidad Escolar 2000,c2016. av. :bil., retrs. ;c22 cm.1 aVeraz aBibliografía : p. 240 aInventariado, 2018/LP1 aRincón Ozuna, Andrea Griselda9748701 aCid, Henry,eil.9346 0aVeraz974848 001054708PDaGRbGRcHDd2018-10-05iLF1l0ov.1, e. 3p47944-30r2020-06-25w2020-06-25yLFPDZPréstamo en sala 001054708PDaGRbGRcHDd2018-12-12iLF1l0ov. 2, e. 3p47944-60r2020-06-25w2020-06-25yLFPDZPréstamo en sala 0010718PDaPDbPDcHDd2018-10-05iLF1l0ov. 1p47944-10r2020-06-25w2020-06-25yLFPDZNo se presta 0010718PDaPDbPDcHDd2018-10-05iLF1l0ov.1, e. 2p47944-20r2020-06-25w2020-06-25yLFPDZNo se presta 0010718PDaPDbPDcHDd2018-12-12iLF1l0ov. 2p47944-40r2020-06-25w2020-06-25yLFPDZNo se presta 0010718PDaPDbPDcHDd2018-12-12iLF1l0ov. 2, e. 2p47944-50r2020-06-25w2020-06-25yLFPDZNo se presta c47432d47432